| 000 | 00477pab a2200157 454500 | ||
|---|---|---|---|
| 008 | 180718b1996 xxu||||| |||| 00| 0 eng d | ||
| 100 | _aWilkinson, Michael D. | ||
| 245 |
_aLobbying for fair trade _bNorthern NGDOS, the European Community and the GATT Uruguay Round. |
||
| 260 | _c1996 | ||
| 300 | _ap.151-67 | ||
| 362 | _aJun | ||
| 650 | _aGeneral Agreement for Trade and Tariff (GATT) | ||
| 650 | _aInternational trade | ||
| 773 | _aThird World Quarterly | ||
| 909 | _a31628 | ||
| 999 |
_c31628 _d31628 |
||